Servei d'Informació Econòmica Municipal : resultats semestrals : primer semestre 1986 resultats semestrals :
MARC
| LEADER | 00000nam a2200000Ia 4500 | ||
|---|---|---|---|
| 001 | 22713, 22714, 22715, 22716, 22717 | ||
| 008 | 160829s1986 xx 000 0 cat d | ||
| 080 | |a FU-58-1, FU-58-2, M-6-358, M-6-359, M-6-360 | ||
| 110 | 1 | |a Barcelona (Catalunya : Província). |b Servei d'Informació Econòmica Municipal |9 52724 | |
| 245 | |a Servei d'Informació Econòmica Municipal : |b resultats semestrals : |b primer semestre 1986 | ||
| 260 | |a Barcelona : |b CEP, Centre d'Estudis de Planificació, |c 1986 | ||
| 300 | |a 5 v. ; |c 29 cm | ||
| 650 | 0 | |a Finances municipals |z Barcelona (Província) |9 20808 | |
| 700 | |a Centre d'Estudis de Planificació |9 35043 | ||
| 710 | 1 | |a Barcelona (Catalunya : Província). |b Diputació |9 52408 | |
| 866 | |a Grup 1, 2, 3, 4, 5 | ||
| 901 | |a Arxiu | ||
| 942 | |n 1 | ||
| 952 | |0 0 |1 0 |4 0 |6 FU581_FU582_M6358_M6359_M6360 |7 1 |9 52295 |a Arxiu |b Arxiu |d 2016-12-01 |l 0 |o FU-58-1, FU-58-2, M-6-358, M-6-359, M-6-360 |p 22713, 22714, 22715, |r 2016-12-01 00:00:00 |w 2016-12-01 |y ARXIU | ||
| 952 | |0 0 |1 0 |4 0 |6 FU581 |7 1 |9 66101 |a Arxiu |b Arxiu |d 2023-04-13 |h Primer semestre 1986, grup 1 |l 0 |o FU-58-1 |p 22713 |r 2023-04-13 00:00:00 |w 2023-04-13 |y ARXIU | ||
| 952 | |0 0 |1 0 |4 0 |6 FU582 |7 1 |9 66102 |a Arxiu |b Arxiu |d 2023-04-13 |h Primer semestre 1986, grup 2 |l 0 |o FU-58-2 |p 22714 |r 2023-04-13 00:00:00 |w 2023-04-13 |y ARXIU | ||
| 999 | |c 56143 |d 56143 | ||